000 00517nam a2200169 u 4500
001 000020376
005 20200929170406.0
008 100813s19uu sp 000 0 spa d
040 _aDO-SdBNP
_bspa
_cBNPHU
082 _axxxxxxxx
_bxxxxxxxx
100 1 _aJosé Martí
_943038
245 1 0 _aLira íntima /
_cJosé Martí ; prólogo Alberto Ghiraldo.
260 _aMadrid, :
_bAtlántida,
_c[19--].
300 _av. ;
_c20 cm.
500 _aLa biblioteca posee el volumen 2
700 1 _aGhiraldo, Alberto,
_epról.
_943039
999 _c19880
_d19880